Teaching and learning mathematical modelling : innovation, investigation, and applications /

Bibliographic Details
Other Authors: Houston, K. (Ken)
Format: Book
Language:English
Published: Chichester : Albion Pub., 1997.
Series:Albion mathematics & applications series.
Subjects:

MARC

Tag First Indicator Second Indicator Subfields
LEADER 00000cam a2200000 a 4500
001 in00001403382
005 20151020055509.0
008 970923s1997 enka b 000 0 eng
010 |a  97198836  
020 |a 1898563292 
035 |a (OCoLC)37350296 
035 |9 AHN4620AM 
040 |a DLC  |c DLC  |d TXA  |d UtOrBLW 
049 |a TXAM 
050 0 0 |a QA401  |b .T435 1997 
082 0 0 |a 511/.8  |2 21 
245 0 0 |a Teaching and learning mathematical modelling :  |b innovation, investigation, and applications /  |c S.K. Houston [and others]. 
246 1 4 |a Teaching & learning mathematical modelling 
246 1 8 |a Mathematical modelling 
264 1 |a Chichester :  |b Albion Pub.,  |c 1997. 
300 |a xii, 401 pages :  |b illustrations ;  |c 25 cm. 
336 |a text  |b txt  |2 rdacontent 
337 |a unmediated  |b n  |2 rdamedia 
338 |a volume  |b nc  |2 rdacarrier 
490 1 |a Albion mathematics & applications series 
504 |a Includes bibliographical references. 
650 0 |a Mathematical models. 
650 0 |a Mathematical models  |x Study and teaching. 
700 1 |a Houston, K.  |q (Ken) 
830 0 |a Albion mathematics & applications series. 
999 |a MARS 
999 f f |s e43d965d-134b-32c4-9555-ec85de296226  |i fb6d90e4-4fc7-3d35-893b-23d7b63d540e  |t 0 
952 f f |p ric  |a Texas A&M University  |b Rellis Campus  |c Joint Library Facility  |s JLF  |d Remote Storage  |t 0  |e QA401 .T435 1997  |h Library of Congress classification  |i unmediated -- volume  |m A14822138965 
998 f f |a QA401 .T435 1997  |t 0  |l Remote Storage